The hiding place, (Record no. 5247)
[ view plain ]
| 000 -LEADER | |
|---|---|
| fixed length control field | 00910cam a2200301 4500 |
| 001 - CONTROL NUMBER | |
| control field | 1728653 |
| 003 - CONTROL NUMBER IDENTIFIER | |
| control field | OSt |
| 005 - DATE AND TIME OF LATEST TRANSACTION | |
| control field | 20190102111303.0 |
| 008 - FIXED-LENGTH DATA ELEMENTS--GENERAL INFORMATION | |
| fixed length control field | 731005s1971 ctu 000 0aeng |
| 010 ## - LIBRARY OF CONGRESS CONTROL NUMBER | |
| LC control number | 73172389 |
| 020 ## - INTERNATIONAL STANDARD BOOK NUMBER | |
| International Standard Book Number | 0912376058 |
| 040 ## - CATALOGING SOURCE | |
| Original cataloging agency | DLC |
| Transcribing agency | DLC |
| Modifying agency | DLC |
| 043 ## - GEOGRAPHIC AREA CODE | |
| Geographic area code | e-ge--- |
| 050 00 - LIBRARY OF CONGRESS CALL NUMBER | |
| Classification number | D811.5 |
| Item number | .T427 1971 |
| 082 00 - DEWEY DECIMAL CLASSIFICATION NUMBER | |
| Classification number | 940.53 |
| Item number | B724H |
| 100 2# - MAIN ENTRY--PERSONAL NAME | |
| Personal name | Ten Boom, Corrie. |
| 245 14 - TITLE STATEMENT | |
| Title | The hiding place, |
| Statement of responsibility, etc. | by Corrie ten Boom with John and Elizabeth Sherrill. |
| 260 ## - PUBLICATION, DISTRIBUTION, ETC. | |
| Place of publication, distribution, etc. | Washington Depot, Conn., |
| Name of publisher, distributor, etc. | Chosen Books; [distributed by Revell, |
| Date of publication, distribution, etc. | 1971] |
| 300 ## - PHYSICAL DESCRIPTION | |
| Extent | 219 p. |
| Dimensions | 20 cm. |
| 350 ## - PRICE (NR) (BK AM CF MU VM SE) [OBSOLETE] | |
| Price | $2.95 |
| 600 20 - SUBJECT ADDED ENTRY--PERSONAL NAME | |
| Personal name | Ten Boom, Corrie. |
| 610 20 - SUBJECT ADDED ENTRY--CORPORATE NAME | |
| Corporate name or jurisdiction name as entry element | Ravensbrück (Concentration camp) |
| 650 #0 - SUBJECT ADDED ENTRY--TOPICAL TERM | |
| Topical term or geographic name entry element | World War, 1939-1945 |
| General subdivision | Personal narratives, Dutch. |
| 700 1# - ADDED ENTRY--PERSONAL NAME | |
| Personal name | Sherrill, John L. |
| 700 1# - ADDED ENTRY--PERSONAL NAME | |
| Personal name | Sherrill, Elizabeth. |
| 906 ## - LOCAL DATA ELEMENT F, LDF (RLIN) | |
| a | 7 |
| b | cbc |
| c | orignew |
| d | 2 |
| e | ncip |
| f | 19 |
| g | y-gencatlg |
| 942 ## - ADDED ENTRY ELEMENTS (KOHA) | |
| Source of classification or shelving scheme | Dewey Decimal Classification |
| Koha item type | Books |
| Withdrawn status | Lost status | Source of classification or shelving scheme | Damaged status | Not for loan | Collection code | Home library | Current library | Shelving location | Date acquired | Cost, normal purchase price | Total Checkouts | Full call number | Barcode | Date last seen | Price effective from | Koha item type |
|---|---|---|---|---|---|---|---|---|---|---|---|---|---|---|---|---|
| Dewey Decimal Classification | Non-fiction | Harvest Mission College | Harvest Mission College | General Stacks | 02.01.2019 | 460.00 | 940.53 B724H | 006010 | 02.01.2019 | 02.01.2019 | Books | |||||
| Dewey Decimal Classification | Fiction | Harvest Mission College | Harvest Mission College | 07.11.2019 | 940.53 B724H | 009652 | 07.11.2019 | 07.11.2019 | Books | |||||||
| Dewey Decimal Classification | Fiction | Harvest Mission College | Harvest Mission College | 07.11.2019 | 940.53 B724H | 009653 | 07.11.2019 | 07.11.2019 | Books |
